000 00824nam a22003130a 4500
001 PT12444
003 AR-LpoUNG
005 20210131232506.0
008 191001s1979||||xxu|||||||||||||||||eng d
020 _a0399506012
_c$23.61
040 _aAR-LpoUNG
_bspa
_cAR-LpoUNG
_eaacr
041 _aeng
044 _axxu
082 0 _aR791.4 23fi
100 1 _aKatz, Ephraim
245 1 4 _aThe film encyclopedia
260 _aNew York :
_bThe Putnam Publishing Group,
_c1979.
300 _aviii, 1266 p. :
_btbls.
650 4 _aAUTORES
650 4 _aCINE
650 4 _aEQUIPO DE PROYECCION
650 4 _aINDUSTRIA CINEMATOGRAFICA
650 4 _aLITERATURA
650 4 _aMEDIOS DE COMUNICACION DE MASAS
650 4 _aPELICULAS
651 4 _aDOCUMENTOS TEORICOS O METODOLOGICOS
905 _a12444
942 _cLSALA
999 _c15904
_d15904